logo

Bir Sreshtho Munshi Abdur Rouf Library
Jhenaidah Cadet College

জনযুদ্ধের গণযোদ্ধা / (Record no. 13818)

MARC details
000 -LEADER
fixed length control field 00744nam a2200229 a 4500
001 - CONTROL NUMBER
JCCL Control Number 13818
003 - CONTROL NUMBER IDENTIFIER
JCCL marc code BD-JhCC
005 - DATE AND TIME OF LATEST TRANSACTION
control field 20240417080056.0
008 - FIXED-LENGTH DATA ELEMENTS--GENERAL INFORMATION
fixed length control field 240415b19992000bg |||| ||a| 000 0 ben d
020 ## - INTERNATIONAL STANDARD BOOK NUMBER
International Standard Book Number 9844830542
035 ## - SYSTEM CONTROL NUMBER
system control number (BD-JhCC)13818
040 ## - CATALOGING SOURCE
Original cataloging agency BD-JhCC
Modifying agency BD-JhCC
041 ## - LANGUAGE CODE
Language code of Book Bengali
082 ## - DEWEY DECIMAL CLASSIFICATION NUMBER
Classification number 954.92
Author mark and Year BHU 2000
100 ## - MAIN ENTRY--PERSONAL NAME
Personal name ভূঁইয়া,মেজর কামরুল হাসান
245 ## - TITLE STATEMENT
Title জনযুদ্ধের গণযোদ্ধা /
Statement of responsibility, etc মেজর কামরুল হাসান ভূঁইয়া ।
260 ## - PUBLICATION, DISTRIBUTION, ETC. (IMPRINT)
Place of publication, distribution, etc ঢাকা:
Name of publisher, distributor, etc দিব্য প্রকাশনী;
Date of publication, distribution, etc 2000.
300 ## - PHYSICAL DESCRIPTION
Pagination 88 p. :
Dimensions 22 cm.
650 ## - SUBJECT ADDED ENTRY--TOPICAL TERM
Topical term or geographic name as entry element liberation war
942 ## - ADDED ENTRY ELEMENTS (KOHA)
Source of classification or shelving scheme Dewey Decimal Classification
Koha item type Books
Holdings
Source of classification or shelving scheme Damaged status Not for loan Home library Current library Shelving location Date of accession Source of acquisition Cost, normal purchase price Total Checkouts Full call number Barcode Date last seen Copy number Method of acquisition Koha item type Currency
Dewey Decimal Classification     JCC Rouf Library JCC Rouf Library General Stacks   With The Compiments Of 7th Intake 75.00   954.92 BHU 2000 19187 04/17/2024 C-1 Purchase Books BDT

JCC Library | Contacts | JCC Home

Last Update on 23 September 2017
Copyright @ 2017-2020 JCC Rouf Library
Rouf Library, Jhenidah Cadet College (JCC), Bangladesh